00349nam a2200121Ia 4500008004100000041000800041082002200049100001600071245004500087260005900132300002700191365000900218240624s9999 xx 000 0 und d aeng a332.041091724 FRE aFREIRE MILA aSUBNATIONAL CAPITAL MARKETS IN DEVELOPIN c2004aNew YorkbWorld Bank and Oxford University Press axliii, : 651p. ; 23cm. cb25